书目信息 |
| 题名: |
房地产成本管理与控制实战宝典
|
|
| 作者: | 刘少文 主编 | |
| 分册: | ||
| 出版信息: | 北京 化学工业出版社 2020 |
|
| 页数: | 12,314页 | |
| 开本: | 26cm | |
| 丛书名: | 成本管理与控制实战丛书 | |
| 单 册: | ||
| 中图分类: | F293.342 , F293.3 | |
| 科图分类: | ||
| 主题词: | 房地产企业--成本管理 | |
| 电子资源: | ||
| ISBN: | 978-7-122-37015-0 | |
| 000 | 01128oam2 2200253 450 | |
| 001 | 2261467270 | |
| 005 | 20220929170454.07 | |
| 010 | @a978-7-122-37015-0@dCNY88.00 | |
| 100 | @a20200905d2020 em y0chiy50 ea | |
| 101 | 0 | @achi |
| 102 | @aCN@b110000 | |
| 105 | @ay z 000yy | |
| 200 | 1 | @a房地产成本管理与控制实战宝典@9fang di chan cheng ben guan li yu kong zhi shi zhan bao dian@f刘少文主编 |
| 210 | @a北京@c化学工业出版社@d2020 | |
| 215 | @a12,314页@d26cm | |
| 225 | 1 | @a成本管理与控制实战丛书 |
| 330 | @a本书包括三个部分:房地产企业成本系统建立,包括房地产企业成本控制的基础、目标成本管理体系;房地产项目全过程成本控制,包括房地产项目投资决策环节的成本控制、房地产项目设计阶段成本控制、房地产项目招投标环节成本控制、房地产项目采购环节成本控制、房地产项目工程管理环节成本控制;房地产企业开发产品成本核算与分析,包括房地产企业开发产品成本核算、房地产开发项目成本报表与分析。 | |
| 461 | 0 | @12001 @a成本管理与控制实战丛书 |
| 606 | 0 | @a房地产企业@x成本管理 |
| 690 | @aF293.342@v5 | |
| 690 | @aF293.3@v4 | |
| 701 | 0 | @a刘少文@9liu shao wen@c(教师)@4主编 |
| 801 | 0 | @aCN@b91MARC@c20200905 |
| 905 | @aZUCC@dF293.3@e21 | |
| 房地产成本管理与控制实战宝典/刘少文主编.-北京:化学工业出版社,2020 |
| 12,314页;26cm.-(成本管理与控制实战丛书) |
| ISBN 978-7-122-37015-0:CNY88.00 |
| 本书包括三个部分:房地产企业成本系统建立,包括房地产企业成本控制的基础、目标成本管理体系;房地产项目全过程成本控制,包括房地产项目投资决策环节的成本控制、房地产项目设计阶段成本控制、房地产项目招投标环节成本控制、房地产项目采购环节成本控制、房地产项目工程管理环节成本控制;房地产企业开发产品成本核算与分析,包括房地产企业开发产品成本核算、房地产开发项目成本报表与分析。 |
| ● |
| 相关链接 |
|
|
|
正题名:房地产成本管理与控制实战宝典
索取号:F293.3/21
 
预约/预借
| 序号 | 登录号 | 条形码 | 馆藏地/架位号 | 状态 | 备注 |
| 1 | 2000907220 | 2000907220 | 第三书库/ [索取号:F293.3/21] | 在馆 | |
| 2 | 2000907221 | 2000907221 | 第三书库/ [索取号:F293.3/21] | 在馆 | |
| 3 | 2000907222 | 2000907222 | 第三书库/ [索取号:F293.3/21] | 在馆 |